Statistics for Les Miserables - The Confrontation - Missing Lyrics

Click here to take the quiz!

General Stats

  • This quiz has been taken 105 times
  • The average score is 33 of 45

Answer Stats

LineMissing Lyric% Correct
_______, at lastValjean
99%
Men like you can never ______Change
98%
A ___ such as youMan
98%
You must think me ___Mad
95%
Before you say another ____ JavertWord
95%
You'll wear a different _____Chain
94%
Listen to me, there is something I ____ doMust
93%
Before you chain me up like a _____ againSlave
93%
Men like ___ can never changeYou
93%
In mercy's name, _____ days are all I needThree
91%
We see each other _____Plain
90%
Jean _______ is nothing nowValjean
89%
I've _____ you across the yearsHunted
88%
Monsieur le _____Mayor
88%
This woman leaves behind a ________ childSuffering
88%
Men like __ can never changeMe
87%
All I did was _____ some breadSteal
87%
I am from the ______ tooGutter
85%
I was born inside a ____Jail
83%
You know _______ of JavertNothing
83%
I was born with ____ like youScum
83%
Believe of me what you ____Will
83%
My duty's to the ___Law
82%
There is none but me who can _________Intercede
76%
Come with me _____24601
74%
You know nothing of my ____Life
73%
There's a ____ that I'm sworn to doDuty
72%
You would sooner see me ____Dead
68%
You have no ______Rights
66%
I am _______ you, JavertWarning
66%
No, _____24601
63%
I am _______ you JavertWarning
63%
I'm a ________ man by farStronger
62%
And the _____ you had to payPrice
61%
Every man is born in ___Sin
60%
And do what ____ be doneMust
59%
There is _____ in me yetPower
57%
If I have to ____ you hereKill
51%
My ____ is not yet runRace
48%
Now the _____ has turned aroundWheel
46%
Dare you talk to me of _____Crime
45%
But not before I see this _______ doneJustice
40%
You know nothing of the _____World
40%
Every man must _____ his wayChoose
38%
There is nothing I wont ____Dare
29%

Score Distribution

Percentile by Number Answered

Percent of People with Each Score

Your Score History

You have not taken this quiz